| Tag |
First Indicator |
Second Indicator |
Subfields |
| LEADER |
00000cam a2200000 4500 |
| 001 |
in00000060354 |
| 005 |
20151007082542.0 |
| 008 |
770616s1933 nyu 00010 eng |
| 010 |
|
|
|a 33005409
|
| 035 |
|
|
|a (OCoLC)03047053
|
| 035 |
|
|
|9 AAF8052AM
|
| 040 |
|
|
|a DLC
|c GPM
|d TXA
|d UtOrBLW
|
| 049 |
|
|
|a TXAM
|c [51065]
|
| 050 |
0 |
0 |
|a DS775
|b .P6
|
| 092 |
|
|
|a 327.51
|b P772c
|
| 100 |
1 |
|
|a Pollard, Robert Thomas,
|d 1896-1939.
|
| 245 |
1 |
0 |
|a China's foreign relations, 1917-1931 /
|c by Robert T. Pollard.
|
| 264 |
|
1 |
|a New York :
|b The Macmillan company,
|c 1933.
|
| 300 |
|
|
|a x pages, 2 leaves, 416 pages ;
|c 23 cm.
|
| 336 |
|
|
|a text
|b txt
|2 rdacontent
|
| 337 |
|
|
|a unmediated
|b n
|2 rdamedia
|
| 338 |
|
|
|a volume
|b nc
|2 rdacarrier
|
| 500 |
|
|
|a Thesis (Ph.D.)--University of Minnesota, 1931.
|
| 500 |
|
|
|a Without thesis note.
|
| 651 |
|
0 |
|a China
|x Foreign relations
|y 1912-1949.
|
| 999 |
|
|
|a MARS
|
| 999 |
f |
f |
|s 17f03ff6-bb89-37b7-9947-a1df2db95cf0
|i 73b88bd6-8ab4-3cdd-878d-0f9454d5a3ab
|t 0
|
| 952 |
f |
f |
|p ric
|a Texas A&M University
|b Rellis Campus
|c Joint Library Facility
|d Remote Storage
|t 0
|e DS775 .P6
|h Library of Congress classification
|i unmediated -- volume
|m A14800676298
|
| 998 |
f |
f |
|a DS775 .P6
|t 0
|l Remote Storage
|